| 000 | 00342nam a2200133Ia 4500 | ||
|---|---|---|---|
| 008 | 231129s1989||||xx |||||||||||||| ||spa|| | ||
| 040 | _bspa | ||
| 082 | _a363.6 รณ16n | ||
| 100 | _aOchoa F. Francisco J | ||
| 245 | 0 | _aNormas basicas sobre tarifas y reglamentos de servicios publicos | |
| 260 | _c1989 | ||
| 264 | _aEsap | ||
| 942 |
_2ddc _cBKS |
||
| 999 |
_c21765 _d21765 |
||